The tomb of Nebamun /

محفوظ في:

المؤلف الرئيسي: Hooper, Meredith.

مؤلفون آخرون: Molan, Chris., Parkinson, H., Parkinson, R. B.

التنسيق: كتاب

اللغة: English

منشور في: Cambridge : Cambridge University Press, 1999, c1997.

سلاسل: Cambridge reading. Towards independence: B.

الموضوعات:

الوسوم: إضافة وسم

لا توجد وسوم, كن أول من يضع وسما على هذه التسجيلة!

رقم الطلب: ( P )ND2863 .H42 1999

LEADER 00984nam a2200277Ia 4500
003 OSt
005 20240709072746.0
008 030313r19991997enka 000 0 eng
952 |0 0  |1 0  |2 lcc  |4 0  |7 1  |9 43830  |a ARCE  |b ARCE  |d 2022-11-24  |l 0  |o ( P )ND2863 .H42 1999  |p 1028823  |r 2022-11-24 00:00:00  |w 2022-11-24  |y BK 
999 |c 50287  |d 50287 
020 |a 0521498384 
040 |c ARCE Library 
050 4 |a ( P )ND2863 .H42 1999 
100 1 |a Hooper, Meredith.  
245 1 4 |a The tomb of Nebamun /   |c Meredith Hooper. 
264 1 |a Cambridge :   |b Cambridge University Press,   |c 1999, c1997. 
300 |a 31 pages :   |b color illustrations ;   |c 25 cm. 
490 0 |a Cambridge reading. Towards independence: B. 
600 0 0 |a Nebamun -- Tomb -- Juvenile literature. 
650 0 |a Mural painting and decoration -- Egyptian -- Juvenile literature. 
650 0 |a Readers (Elementary) 
700 1 |a Molan, Chris. 
700 1 |a Parkinson, H. 
700 1 |a Parkinson, R. B. 
901 |a reviewed 
942 |2 lcc  |c BK